X Informe sobre violencia sociopolt̕ica contra mujeres, jv̤enes y niąs en Colombia 2000-2010

Bibliographic Details
Main Author: Da̕z, Ana Mara̕
Other Authors: Correal, Ximena, Ramr̕ez, Mara̕ Eugenia, Benjumea, Adriana, Silva, Liliana, Restrepo, Andrea
Format: eBook
Language:Spanish
Published: Bogot:̀ Comisin̤ Colombiana de Juristas, 2010
Subjects:
Online Access:Acceso restringido

MARC

LEADER 00000nam a22000007a 4500
005 20200312214037.0
007 cr|||| ||||
008 200312s2010 co |||||s|||| 00||0 spa d
020 |a 978-958-8592-16-9 
035 |a 31182 
040 |a vLex 
090 |c 10243  |d 10243 
100 1 |a Da̕z, Ana Mara̕ 
245 1 0 |a X Informe sobre violencia sociopolt̕ica contra mujeres, jv̤enes y niąs en Colombia 2000-2010  |h [Recurso electrn̤ico] /  |c Ana Mara̕ Da̕z, Ximena Correal, Mara̕ Eugenia Ramr̕ez, Adriana Benjumea, Liliana Silva, Andrea Restrepo 
256 |a Servicio en ln̕ea 
260 |a Bogot:̀  |b Comisin̤ Colombiana de Juristas,  |c 2010 
300 |a 1 recurso electrn̤ico 
506 1 |a Disponible solo en los productos indicados  |d vLex Global  |d vLex Global (Academic Edition, excluding Law Schools)  |d vLex Global (U.S. Academic Edition, Law Schools)  |d vLex Global (U.S. Academic Edition, excluding Law Schools)  |d vLex Global (Academic Edition, Law Schools) 
650 0 4 |a Derecho Pb︢lico y Administrativo  |z Colombia 
700 1 |a Correal, Ximena 
700 1 |a Ramr̕ez, Mara̕ Eugenia 
700 1 |a Benjumea, Adriana 
700 1 |a Silva, Liliana 
700 1 |a Restrepo, Andrea 
740 0 |a vLex Libros (Servicio en ln̕ea) 
856 4 0 |u http://vlex.com/source/x-informe-violencia-sociopolitica-mujeres-jovenes-ni-as-colombia-2000-2010-31182  |z Acceso restringido 
942 |c BOOK 
999 0 |a Public and Administrative Law